00924 2200205 4500001002100000005001500021008004100036020001700077035001900094041000800113082000800121084001400129100002600143245004400169260003400213300003000247500002000277520039200297650002900689INLIS00000000000203220200508201715200508||||||||| | ||| |||| ||eng|| a0521-46362-9 0010-0520002032 aeng0 a341 a341/LAU/I0 aEdited by Lauterpacht00aInternational law Reports vol. 17 06961 aCambridgebButterworthsc1956 axxvii, 449p.;23 cmc23 cm aIndeks : indeks aThe publication of the present volume follows close on that of the volume for the year 1950, and the reader is therefore referred to what is said in the Preface to that volume, in particular with regard to the cases bearing on the law of war and decided by the various war crimes trials. As in the case of its predecessor, these cases constitute a prominent feature of the present volume 0aInternational law Report